| 000 | 00643nam a2200229Ia 4500 | ||
|---|---|---|---|
| 003 | GCL | ||
| 008 | 140319s9999 xx 000 0 ara d | ||
| 040 |
_aGCL / _cGCL |
||
| 082 | 0 | 4 |
_a301.01 _bج ع |
| 100 | 1 | _aفؤاد زكريا | |
| 245 | 1 | 0 |
_aعلم الاجتماع / _cفؤاد زكريا |
| 700 | 1 | _aمهدى علام | |
| 700 | 1 | _aجنزبرج، موريس | |
| 300 | _a291 | ||
| 490 |
_aالالف كتاب _v0 |
||
| 650 | 0 | 4 | _aالبيئة |
| 650 | 0 | 4 | _aالمجتمع |
| 650 | 0 | 4 | _aالتغير الاجتماعى |
| 650 | 0 | 4 | _aالطبقات الاجتماعية |
| 650 | 0 | 4 | _aالاجتماع، علم |
| 942 |
_2ddc _cBK |
||
| 999 |
_c43650 _d43650 |
||